000 00652nam a2200241Ia 4500
003 OSt
005 20220923230924.0
006 a|||||r|||| 00| 0
007 ta
008 220922b |||||||| |||| 00| 0 mar d
024 _a306,487
037 _cTextual
040 _aARTS
_cARTS
_bmar
041 _2mar
_amar
082 _aO155,2N12,8, L3
100 _aशिरवाडकर
_9156277
245 0 _aनटसम्राट
246 _aNaṭasamrāṭa
260 _c1973
650 _aमराठी साहित्य
942 _hO155,2N12,8, L3
_cTEXL
_2CC
999 _c388267
_d388267